000 00598nam a2200193 a 4500
005 20210223124254.0
008 010718s1999 r 000 0 eng d
020 _a9687727314
035 _aUPN01000109809
049 _aCG
050 4 _aBF175.4
_bB3.3
100 1 _aBerenzon Gorn, Boris
_933966
245 1 0 _aHistoria es inconsciente :
_b(la historia cultural : Peter Gay y Robert Darnton) /
_cBoris Berenzon Gorn.
260 _aSan Luis Potosí :
_bEl Colegio de San Luis,
_c1999.
300 _a148 p.
440 0 _aInvestigaciones
650 4 _aPSICOANALISIS Y CULTURA
_95931
905 _aLibro
999 _c83719
_d83719